| 000 | 00000nam##2200000za#4500 |
| 001 | 9.695972 |
| 003 | CaOODSP |
| 005 | 20210624234824 |
| 007 | cr ||||||||||| |
| 008 | 150407|2002||||xxc|||||o f|0| 0 eng|d |
| 040 | |aCaOODSP|beng |
| 043 | |an-cn--- |
| 086 | 1 |aSF31-60/2002E-PDF |
| 110 | 1 |aCanada. |bOffice of the Commissioner of Official Languages. |
| 245 | 10|aFrench on the Internet : |h[electronic resource]|bkey to the Canadian identity and the knowledge economy / |cAuthor: Alain Clavet. |
| 260 | |aOttawa - Ontario : |bOffice of the Commissioner of Official Languages |cMarch 2002. |
| 300 | |a60p.|bfigs., references |
| 590 | |a12-16-Supp|b2012-04-17 |
| 690 | 07|aInternet|2gcpds |
| 690 | 07|aFrench language|2gcpds |
| 720 | 1 |aClavet, Alain |
| 775 | 08|tLe français sur Internet : |w(CaOODSP)9.640090 |
| 776 | 0#|tFrench on the Internet : |w(CaOODSP)9.663465 |
| 776 | 0#|tLe français sur Internet : |w(CaOODSP)9.663466 |
| 856 | 40|ahttp://publications.gc.ca|qPDF|s285 KB|uhttps://publications.gc.ca/collections/Collection/SF31-60-2002E.pdf |